The Only Remaining African Country... (with a Map) - Statistics

General Stats
  • This quiz has been taken 3,622 times
  • The average score is 34 of 54
Answers on the Map
Answers color-coded by a green-red scale on the quiz's map according to % correct below.
 
Answer Stats
Name the only remaining country... Country % Correct
That has its capital at Algiers Algeria
99%
That is larger than Mexico D. R. Congo
97%
That is entirely surrounded by another country Lesotho
95%
That border Tunisia Libya
94%
With the Nile Delta Egypt
93%
With a capital on the Mediterranean Sea Tunisia
89%
That has its capital on the Congo River Rep. of the Congo
86%
With over 100 million people Ethiopia
83%
That is at the mouth of the Congo River Angola
81%
Whose capital is on the Nile River South Sudan
80%
With the Atlas Mountains Morocco
79%
To begin with "E" Eritrea
78%
To have another country contained in its name Guinea-Bissau
78%
That contains a "Q" Equatorial Guinea
76%
with a gun on its flag Mozambique
76%
That borders the Red Sea Djibouti
75%
Located entirely on islands Comoros
74%
with the mouth of a river longer than 2,000 miles Nigeria
74%
Whose common name contains "Republic" Central African Republic
71%
To have recently changed its name eSwatini
71%
That the Nile River flows through Uganda
71%
With a coastline longer than Iran Somalia
70%
To speak Portuguese Cape Verde
69%
Smaller that 500 square miles São Tomé and Príncipe
69%
That borders the Indian Ocean Tanzania
69%
That borders Lake Nasser Sudan
68%
That is crossed by the Equator Kenya
67%
With part of the Skeleton Coast Namibia
67%
That was never colonized Liberia
64%
That the Orange River flows through South Africa
62%
South of the Tropic of Capricorn Madagascar
59%
With part of the Okavango River Botswana
57%
That uses the rupee Mauritius
57%
That uses the Central African Franc Cameroon
56%
That starts and ends with the same letter Seychelles
55%
That borders the Ivory Coast Mali
53%
That has Swahili as an official language Rwanda
53%
bordering no countries previously asked about Gambia
47%
With a point north of 25 degrees north Mauritania
45%
That the Volta River flow through Burkina Faso
44%
That is part of OPEC Gabon
44%
producting >75 metric tons of gold annually Ghana
42%
With a point west of 15 degrees west Guinea
42%
That border the Niger River Benin
41%
That claims the Aouzou Strip Chad
41%
That has a city of over 3 million people Senegal
41%
That was a German colony Togo
39%
Whose currency is a dollar Zimbabwe
38%
That has a point higher than 9,000 feet Malawi
37%
With a population greater than Sri Lanka Niger
36%
That has multiple capital cities Ivory Coast
35%
That is coastal Sierra Leone
35%
That uses a Franc Burundi
29%
In Africa Zambia
29%
No matching quizzes found
Score Distribution
Percent of People with Each Score
Percentile by Number Answered
Your Score History
You have not taken this quiz